000 00352 a2200157 4500
001 50104
020 _a9788572081603
040 _cAnchieta - Bela Vista
100 _aMachado, Ana Maria
240 1 0 _aUm avião e uma viola
_lpor
245 1 0 _aUm avião e uma viola
300 _a34
362 0 _a2012
650 4 _aLiteratura infantil
942 _cBK
999 _c50104
_d50104